[Event "MDA-ch (Women)"]
[Site "Kishinev"]
[Date "2023.02.11"]
[Round "8"]
[White "Cazacu, Raluca Cristiana"]
[Black "Mihailova, Alina"]
[Result "0-1"]
[WhiteElo "1279"]
[BlackElo "1969"]
[PlyCount "96"]
[EventDate "2023.02.04"]
[EventType "match"]
[EventRounds "9"]
[EventCountry "MDA"]
[SourceTitle "CBM 212 Extra"]
[Source "ChessBase"]
[SourceDate "2023.03.31"]
[SourceVersion "1"]
[SourceVersionDate "2023.03.31"]
[SourceQuality "1"]

1. e4 e5 2. Nf3 Nc6 3. Bb5 a6 4. Ba4 Nf6 5. 0-0 b5 6. Bb3 Bb7 7. Re1 Bc5 8. c3 d6 9. h3 0-0 10. d4 Bb6 11. Bc2 h6 12. Be3 Re8 13. Nbd2 exd4 14. cxd4 Nb4 15. Bf4 c5 16. d5 Nh5 17. Bh2 Qf6 18. a3 Nxc2 19. Qxc2 Nf4 20. Nf1 Nxh3+ 21. gxh3 Qxf3 22. Bxd6 c4 23. Bg3 f5 24. Qe2 Qxe2 25. Rxe2 Bxd5 26. e5 g5 27. Rd2 Be6 28. Kg2 f4 29. Bh2 Bc7 30. Re1 Ba5 31. Rde2 Bxe1 32. Rxe1 Bd5+ 33. Kg1 Re6 34. h4 Rae8 35. hxg5 hxg5 36. Nd2 Rxe5 37. Rxe5 Rxe5 38. Kf1 a5 39. Bg1 b4 40. axb4 axb4 41. Nb1 Be4 42. Nd2 Bd3+ 43. Kg2 c3 44. bxc3 bxc3 45. Nb3 Re1 46. f3 c2 47. Bd4 Bc4 48. Bc3 Bxb3 0-1

[Event "MDA-ch (Women)"]
[Site "Kishinev"]
[Date "2023.02.07"]
[Round "4"]
[White "Laricov, Vlada"]
[Black "Mihailova, Alina"]
[Result "0-1"]
[WhiteElo "1167"]
[BlackElo "1969"]
[PlyCount "64"]
[EventDate "2023.02.04"]
[EventType "match"]
[EventRounds "9"]
[EventCountry "MDA"]
[SourceTitle "CBM 212 Extra"]
[Source "ChessBase"]
[SourceDate "2023.03.31"]
[SourceVersion "1"]
[SourceVersionDate "2023.03.31"]
[SourceQuality "1"]

1. g3 d5 2. Nf3 c5 3. Bg2 Nc6 4. 0-0 Nf6 5. d3 g6 6. Bf4 Bg7 7. Nc3 0-0 8. Rb1 a6 9. a3 Nh5 10. Bd2 b5 11. e3 Bb7 12. e4 d4 13. Ne2 e5 14. h4 Qd6 15. Ng5 h6 16. Nh3 Bc8 17. Qe1 Ra7 18. f4 Bg4 19. Kh2 f5 20. exf5 Rxf5 21. Be4 Rff7 22. Bxc6 Qxc6 23. fxe5 Rxf1 24. Qxf1 Rf7 25. Qe1 Bxh3 26. Kxh3 Qd7+ 27. Kh2 Bxe5 28. Bxh6 Rf3 29. Bf4 Bxf4 30. gxf4 Qh3+ 31. Kg1 Qg4+ 32. Kh1 Rh3# 0-1

[Event "Pozarevac Rudar 8th"]
[Site "Pozarevac"]
[Date "2022.12.26"]
[Round "8"]
[White "Mihailova, Alina"]
[Black "Shoshin, Kirill"]
[Result "0-1"]
[WhiteElo "2003"]
[BlackElo "2280"]
[PlyCount "60"]
[EventDate "2022.12.20"]
[EventType "tourn"]
[EventRounds "9"]
[EventCountry "SRB"]
[SourceTitle "CBM 212 Extra"]
[Source "ChessBase"]
[SourceDate "2023.03.31"]
[SourceVersion "1"]
[SourceVersionDate "2023.03.31"]
[SourceQuality "1"]

1. d4 d5 2. c4 dxc4 3. e3 e5 4. Bxc4 exd4 5. exd4 Bd6 6. Nf3 Nf6 7. h3 0-0 8. 0-0 h6 9. Re1 Nc6 10. Nc3 Bf5 11. a3 a6 12. b4 b5 13. Bb3 Re8 14. Be3 Qd7 15. Rc1 Rad8 16. Qd2 Bxh3 17. gxh3 Qxh3 18. Bd1 Ne4 19. Qd3 Ng5 20. Nxg5 hxg5 21. Bc2 Bh2+ 22. Kh1 Bf4+ 23. Kg1 Nxd4 24. Bxf4 Nf3+ 25. Qxf3 Qxf3 26. Be3 Qg4+ 27. Kf1 Re6 28. Red1 Rde8 29. Rd4 Qh3+ 30. Ke2 Rxe3+ 0-1

[Event "EU-ch U18 Girls 30th"]
[Site "Antalya"]
[Date "2022.11.12"]
[Round "7"]
[White "Mihailova, Alina"]
[Black "Popovic, Mateja"]
[Result "1-0"]
[WhiteElo "2102"]
[BlackElo "1870"]
[PlyCount "56"]
[EventDate "2022.11.06"]
[EventType "swiss"]
[EventRounds "9"]
[EventCountry "TUR"]
[SourceTitle "EXT 2024"]
[Source "ChessBase"]
[SourceDate "2023.10.10"]
[SourceVersion "1"]
[SourceVersionDate "2023.10.10"]
[SourceQuality "1"]

1. d4 d5 2. Nf3 e6 3. g3 Nf6 4. Bg2 Be7 5. 0-0 0-0 6. c4 dxc4 7. Qc2 a6 8. a4 Bd7 9. Rd1 Bc6 10. Nc3 Bxf3 11. Bxf3 Nc6 12. Bxc6 bxc6 13. Bg5 Rb8 14. e3 Nd7 15. Bxe7 Qxe7 16. Ne4 Rb4 17. Nd2 c5 18. Nxc4 Rfb8 19. Rab1 Qg5 20. b3 cxd4 21. exd4 Nb6 22. Ne5 Rxd4 23. Rxd4 Qxe5 24. Rbd1 Nd5 25. Rc4 g6 26. Qd3 Qb2 27. Rb1 Qa2 28. Qc2 Qa3 1-0

[Event "Skopje op"]
[Site "Skopje"]
[Date "2022.10.26"]
[Round "8"]
[White "Velikov, Nikola"]
[Black "Mihailova, Alina"]
[Result "0-1"]
[WhiteElo "1903"]
[BlackElo "2082"]
[PlyCount "70"]
[EventDate "2022.10.21"]
[EventType "swiss"]
[EventRounds "9"]
[EventCountry "MKD"]
[SourceTitle "EXT 2024"]
[Source "ChessBase"]
[SourceDate "2023.10.10"]
[SourceVersion "1"]
[SourceVersionDate "2023.10.10"]
[SourceQuality "1"]

1. c4 e5 2. Nc3 c5 3. g3 g6 4. Bg2 Bg7 5. e3 Ne7 6. Nge2 Nbc6 7. 0-0 d6 8. d3 0-0 9. h3 Be6 10. Nd5 Rb8 11. Nec3 a6 12. a4 Nc8 13. Rb1 Qd7 14. Kh2 Nb4 15. Nxb4 cxb4 16. Nd5 Bxd5 17. cxd5 a5 18. Bd2 b5 19. Ra1 Nb6 20. axb5 Qxb5 21. Qb3 Rfc8 22. Rfc1 Rxc1 23. Rxc1 Nd7 24. Rc6 Nc5 25. Qc2 b3 26. Qc3 a4 27. Bc1 Nxd3 28. Rc8+ Rxc8 29. Qxc8+ Bf8 30. Bd2 a3 31. e4 Nc5 32. Bh6 Nd7 33. h4 Qb8 34. Qxd7 axb2 35. Bh3 Bxh6 0-1

[Event "Skopje op"]
[Site "Skopje"]
[Date "2022.10.22"]
[Round "3"]
[White "Mihailova, Alina"]
[Black "Draskovic, Luka"]
[Result "0-1"]
[WhiteElo "2082"]
[BlackElo "2492"]
[PlyCount "72"]
[EventDate "2022.10.21"]
[EventType "swiss"]
[EventRounds "9"]
[EventCountry "MKD"]
[SourceTitle "EXT 2024"]
[Source "ChessBase"]
[SourceDate "2023.10.10"]
[SourceVersion "1"]
[SourceVersionDate "2023.10.10"]
[SourceQuality "1"]

1. d4 d6 2. Nf3 Nf6 3. c4 Nbd7 4. Nc3 e5 5. e4 g6 6. g3 Bg7 7. Bg2 0-0 8. 0-0 exd4 9. Nxd4 Nc5 10. h3 Re8 11. Re1 a5 12. Rb1 Nfd7 13. Ndb5 Ne5 14. Be3 Nxc4 15. Bxc5 dxc5 16. Qxd8 Rxd8 17. Nxc7 Rb8 18. N7d5 Be6 19. b3 Bxc3 20. Nxc3 Na3 21. Rb2 Kf8 22. Rc1 b6 23. Bf1 Rd4 24. Kg2 Rbd8 25. Na4 Rb4 26. Nc3 c4 27. Ra1 Rc8 28. Nd5 Bxd5 29. exd5 c3 30. Re2 Rd4 31. Rc1 c2 32. Ree1 Rxd5 33. Be2 Re5 34. f4 Re3 35. Kf2 Rce8 36. h4 h5 0-1

[Event "Wch U18 Girls"]
[Site "Mamaia"]
[Date "2022.09.15"]
[Round "10"]
[White "Mihailova, Alina"]
[Black "Singgih, Diajeng Theresa"]
[Result "1-0"]
[WhiteElo "2024"]
[BlackElo "2102"]
[PlyCount "91"]
[EventDate "2022.09.06"]
[EventType "swiss"]
[EventRounds "11"]
[EventCountry "ROU"]
[SourceTitle "CBM 210 Extra"]
[Source "ChessBase"]
[SourceDate "2022.11.30"]
[SourceVersion "1"]
[SourceVersionDate "2022.11.30"]
[SourceQuality "1"]

1. d4 d5 2. Nf3 Nf6 3. g3 e6 4. Bg2 Bd6 5. 0-0 0-0 6. c4 b6 7. cxd5 exd5 8. Nc3 Bb7 9. Ne5 c5 10. Bg5 cxd4 11. Qxd4 h6 12. Bxf6 Qxf6 13. Nxd5 Qd8 14. Nf6+ Qxf6 15. Bxb7 Bxe5 16. Qe4 Nc6 17. Rac1 Rae8 18. Rxc6 Qe7 19. Rc2 Bxb2 20. Qxe7 Rxe7 21. Rxb2 Rxb7 22. a4 Rc8 23. Rfb1 Rc5 24. Rb5 Rbc7 25. R1b2 Rxb5 26. axb5 Kf8 27. f4 Ke7 28. Kf2 f5 29. e4 fxe4 30. Ke3 Rc4 31. Ra2 Rb4 32. Rxa7+ Kf6 33. g4 Rxb5 34. Kxe4 Rb4+ 35. Kf3 Rb2 36. h4 Rb3+ 37. Ke4 Rg3 38. g5+ hxg5 39. hxg5+ Ke6 40. Rxg7 Rb3 41. f5+ Kd6 42. f6 b5 43. Rb7 Rb1 44. f7 Rf1 45. g6 Ke6 46. g7 1-0

[Event "Online Olym Div2 B"]
[Site "Chess.com INT"]
[Date "2021.09.03"]
[Round "4.5"]
[White "Mihailova, Alina"]
[Black "Golsta, Madara"]
[Result "1-0"]
[WhiteElo "1884"]
[BlackElo "1967"]
[PlyCount "163"]
[EventDate "2021.09.02"]
[EventType "team (rapid)"]
[EventRounds "9"]
[EventCountry "USA"]
[SourceTitle "CBM 204 Extra"]
[Source "ChessBase"]
[SourceDate "2021.11.30"]
[SourceVersion "1"]
[SourceVersionDate "2021.11.30"]
[SourceQuality "1"]
[WhiteTeam "Moldova"]
[BlackTeam "Latvia"]
[WhiteTeamCountry "MDA"]
[BlackTeamCountry "LAT"]

1. d4 Nf6 2. c4 g6 3. g3 Bg7 4. Bg2 0-0 5. Nf3 c5 6. d5 e6 7. 0-0 exd5 8. cxd5 b5 9. a4 b4 10. Nfd2 d6 11. Nc4 Ba6 12. Nbd2 Re8 13. Re1 Qc7 14. Rb1 Nbd7 15. b3 Bxc4 16. Nxc4 Ne4 17. Bxe4 Rxe4 18. Bf4 Bf8 19. Qc2 Rae8 20. f3 Rxf4 21. gxf4 Bh6 22. e3 Nf6 23. Rbd1 Qd7 24. Qg2 Nh5 25. Qg4 f5 26. Qg2 Bg7 27. Qc2 Qe7 28. Rf1 Bc3 29. Rf2 Bf6 30. Rg2 Kh8 31. Kh1 Bg7 32. Rg5 Nf6 33. Rg2 Rd8 34. Re2 Nh5 35. Rg1 Re8 36. Rgg2 Rd8 37. Rgf2 Re8 38. Qc1 Bh6 39. Qc2 Bg7 40. Rg2 Rd8 41. Na5 Re8 42. Nc6 Qf7 43. Qd3 Qf6 44. Na5 Qh4 45. Qd1 Bc3 46. Nc4 Qe7 47. Qd3 Bg7 48. Kg1 Rd8 49. Na5 Re8 50. Nc6 Qf6 51. Nxa7 Qa1+ 52. Kf2 Qf6 53. Nc6 Qh4+ 54. Kg1 Qf6 55. Kh1 Bh6 56. Qc2 Qf7 57. Qb2+ Bg7 58. Qd2 Qf6 59. Na5 Qa1+ 60. Rg1 Qf6 61. Nc4 Qe7 62. Rgg2 Bf6 63. Qa2 Bh4 64. a5 Qf7 65. Qd2 Qf6 66. Qb2 Rd8 67. Qxf6+ Nxf6 68. e4 Nh5 69. Ra2 Nxf4 70. Rgc2 Be7 71. a6 Ra8 72. Nb6 Ra7 73. Nc8 Rc7 74. Nxe7 Rxe7 75. a7 fxe4 76. a8Q+ Kg7 77. fxe4 Rxe4 78. Ra7+ Kh6 79. Qf8+ Kh5 80. Rxh7+ Kg5 81. Rg2+ Nxg2 82. Kxg2 1-0

[Event "Veliko Gradiste Silver Lake op-A"]
[Site "Veliko Gradiste"]
[Date "2021.06.23"]
[Round "1"]
[White "Mihailova, Alina"]
[Black "Pajcin, Lav"]
[Result "0-1"]
[WhiteElo "1795"]
[BlackElo "2187"]
[PlyCount "80"]
[EventDate "2021.06.23"]
[EventType "swiss"]
[EventRounds "9"]
[EventCountry "SRB"]
[SourceTitle "CBM 203 Extra"]
[Source "ChessBase"]
[SourceDate "2021.09.30"]
[SourceVersion "1"]
[SourceVersionDate "2021.09.30"]
[SourceQuality "1"]

1. d4 Nf6 2. c4 g6 3. Nf3 c5 4. d5 b5 5. cxb5 a6 6. bxa6 Bg7 7. Nc3 Bxa6 8. g3 0-0 9. Bg2 d6 10. Rb1 Nbd7 11. 0-0 Nb6 12. Ne1 Nfd7 13. Bd2 Nc4 14. Nd3 Nxd2 15. Qxd2 Ne5 16. Nxe5 Bxe5 17. Rfe1 Qa5 18. Rec1 Rfb8 19. b3 Rb7 20. Bf3 Bb5 21. Rb2 Rba7 22. a4 Ba6 23. Rbb1 Rb7 24. Ne4 Rb4 25. Qe1 Rab8 26. Nd2 Rd4 27. Rc2 Qb6 28. Qc1 Rb4 29. Nc4 Bxc4 30. Rxc4 Rxb3 31. Rxb3 Qxb3 32. Qc2 Qa3 33. Kg2 Qa1 34. h4 Rb1 35. Be4 Rh1 36. Kf3 Qe1 37. e3 Rh2 38. Bd3 Qh1+ 39. Kg4 Rxh4+ 40. gxh4 Qg2# 0-1

[Event "Nizami Ganjavi 880 years U17"]
[Site "Tornelo INT"]
[Date "2021.04.03"]
[Round "6.4"]
[White "Hrebenshchykova, Yelyzaveta"]
[Black "Mihailova, Alina"]
[Result "1/2-1/2"]
[WhiteElo "2058"]
[BlackElo "1795"]
[PlyCount "172"]
[EventDate "2021.04.02"]
[EventType "team-swiss (blitz)"]
[EventRounds "9"]
[EventCountry "AZE"]
[SourceTitle "EXT 2023"]
[Source "ChessBase"]
[SourceDate "2022.10.05"]
[SourceVersion "1"]
[SourceVersionDate "2022.10.05"]
[SourceQuality "1"]
[WhiteTeam "Ukraine"]
[BlackTeam "Moldova"]
[WhiteTeamCountry "UKR"]
[BlackTeamCountry "MDA"]

1. e4 c5 2. Nf3 e6 3. d4 cxd4 4. Nxd4 Nf6 5. Nc3 d6 6. Be2 a6 7. 0-0 Be7 8. f4 0-0 9. Be3 Qc7 10. a4 Nc6 11. Kh1 Bd7 12. Nb3 b6 13. Bf3 Rac8 14. g4 g6 15. g5 Ne8 16. h4 f6 17. Bg4 Ng7 18. f5 gxf5 19. exf5 Ne5 20. fxe6 Nxg4 21. exd7 Qxd7 22. Bf4 fxg5 23. hxg5 Nh5 24. Qd2 Qc6+ 25. Kg1 Nxf4 26. Rxf4 Rxf4 27. Qxf4 Ne5 28. Ne4 Rf8 29. Nf6+ Bxf6 30. gxf6 Qxc2 31. Nd4 Qg6+ 32. Kh1 Rxf6 33. Qh4 Kh8 34. Rg1 Qf7 35. Rg2 Ng6 36. Qe4 Rf1+ 37. Kh2 Rf4 38. Qa8+ Kg7 39. Ne2 Rh4+ 40. Kg1 d5 41. Rf2 Rg4+ 42. Kf1 Qc7 43. Qe8 Rc4 44. b3 Rc6 45. Qe3 Qd7 46. Qd4+ Kg8 47. Qd3 Re6 48. Nd4 Re4 49. Nf5 Qe6 50. Qd2 a5 51. Nh6+ Kg7 52. Rf7+ Kh8 53. Qb2+ Qe5 54. Qxe5+ Rxe5 55. Rb7 Rh5 56. Nf7+ Kg8 57. Nd6 Rh1+ 58. Kf2 Nf4 59. Nf5 Rb1 60. Rxb6 Nd3+ 61. Ke3 Nc5 62. Ne7+ Kf7 63. Nxd5 Rxb3+ 64. Rxb3 Nxb3 65. Kd3 Nc5+ 66. Kc4 Nxa4 67. Kb5 Nb2 68. Kxa5 Nd3 69. Kb5 Kg6 70. Kc4 Nf2 71. Kd4 Kf5 72. Ke3 Ng4+ 73. Kf3 h5 74. Kg3 Kg5 75. Nc7 h4+ 76. Kh3 Nf2+ 77. Kg2 Ne4 78. Ne6+ Kg4 79. Nd4 Ng5 80. Kh2 h3 81. Ne2 Nf3+ 82. Kh1 Ng5 83. Nd4 Kg3 84. Ne2+ Kf2 85. Ng1 Kg3 86. Nxh3 Kxh3 1/2-1/2

[Event "Online Olym Div2 B"]
[Site "Chess.com INT"]
[Date "2020.08.16"]
[Round "9.6"]
[White "Bucur, Denisa Andreea"]
[Black "Mihailova, Alina"]
[Result "0-1"]
[WhiteElo "2063"]
[BlackElo "1741"]
[PlyCount "112"]
[EventDate "2020.08.14"]
[EventType "team-tourn (rapid)"]
[EventRounds "9"]
[EventCountry "USA"]
[SourceTitle "CBM 198"]
[Source "ChessBase"]
[SourceDate "2020.10.31"]
[SourceVersion "1"]
[SourceVersionDate "2020.10.31"]
[SourceQuality "1"]
[WhiteTeam "Romania"]
[BlackTeam "Moldova"]
[WhiteTeamCountry "ROU"]
[BlackTeamCountry "MDA"]

1. d4 d5 2. c4 c6 3. Nc3 Nf6 4. e3 Bf5 5. cxd5 cxd5 6. Qb3 Bc8 7. Nf3 Nc6 8. Bd3 e6 9. 0-0 Bd6 10. e4 dxe4 11. Nxe4 Nxe4 12. Bxe4 0-0 13. d5 exd5 14. Bxd5 Qc7 15. Be3 Bg4 16. h3 Bxf3 17. Bxf3 Ne5 18. Bd5 a5 19. Rac1 Qe7 20. Rfd1 Rfd8 21. Bf4 Rab8 22. Qa4 b6 23. Qe4 Qf6 24. Bg3 Re8 25. Qa4 Rbd8 26. Rc2 Bc5 27. Rcd2 h6 28. a3 Ng6 29. b4 axb4 30. axb4 Be7 31. Bc7 Rc8 32. Bb7 Rxc7 33. Qxe8+ Nf8 34. Bf3 Bxb4 35. Rd8 Rc2 36. Be2 Bc5 37. Rf1 Be7 38. Rc8 Rxe2 39. Rc6 Qg5 40. Rxb6 Re5 41. Qb8 Bc5 42. Rb3 Re6 43. Rg3 Qf5 44. Qb2 Rg6 45. Rxg6 Qxg6 46. Qc3 Ne6 47. Qc4 Bd6 48. Qd5 Nf4 49. Qf3 Be5 50. Kh1 Ne6 51. Qd5 Bc7 52. Qa8+ Kh7 53. Qf3 Ng5 54. Qg4 h5 55. Qc4 Bb6 56. f4 Ne4 0-1